Sound Souvenirs (Record no. 21999)
[ view plain ]
| 000 -LEADER | |
|---|---|
| fixed length control field | 00697nam a2200121Ia 4500 |
| 008 - FIXED-LENGTH DATA ELEMENTS--GENERAL INFORMATION | |
| fixed length control field | 220620s9999||||xx |||||||||||||| ||und|| |
| 245 #0 - TITLE STATEMENT | |
| Title | Sound Souvenirs |
| Remainder of title | Audio Technologies, Memory and Cultural Practices |
| 546 ## - LANGUAGE NOTE | |
| Language note | English[eng] |
| 650 ## - SUBJECT ADDED ENTRY--TOPICAL TERM | |
| Topical term or geographic name entry element | muziek||ipod||digital sound||popular science||philips||basf||wetenschap algemeen||music||kunst en kunstgeschiedenis||historical treatment of fine and decorative arts||sound |
| 700 ## - ADDED ENTRY--PERSONAL NAME | |
| Personal name | Van Dijck, J.||Bijsterveld, K. |
| 856 ## - ELECTRONIC LOCATION AND ACCESS | |
| Uniform Resource Identifier | <a href="https://library.oapen.org/bitstream/20.500.12657/35295/1/340032.pdf||https://library.oapen.org/bitstream/20.500.12657/35295/1/340032.pdf||https://library.oapen.org/bitstream/20.500.12657/35295/1/340032.pdf">https://library.oapen.org/bitstream/20.500.12657/35295/1/340032.pdf||https://library.oapen.org/bitstream/20.500.12657/35295/1/340032.pdf||https://library.oapen.org/bitstream/20.500.12657/35295/1/340032.pdf</a> |
| 942 ## - ADDED ENTRY ELEMENTS (KOHA) | |
| Koha item type | E-Books |
| Withdrawn status | Lost status | Damaged status | Not for loan | Home library | Current library | Date acquired | Total Checkouts | Date last seen | Price effective from | Koha item type |
|---|---|---|---|---|---|---|---|---|---|---|
| Kerala University of Digital Sciences, Innovation and Technology Knowledge Centre | Kerala University of Digital Sciences, Innovation and Technology Knowledge Centre | 20/06/2022 | 20/06/2022 | 20/06/2022 | E-Books |